000 00427nam a22001697a 4500
003 SGT
020 _a9783319998695
082 _a617.7
_bC19A
100 _aALGAEED, ABDULRAHMAN H.
245 _aCLINICAL ATLAS OF OPHTHALMIC ULTRASOUND
250 _a1ST
260 _aSWITZERLAND
_bSPRINGER PUB
_c2019
300 _a69
650 _aOPHTHALMOLOGY
653 _aCLINICAL ATLAS OF OPHTHALMIC ULTRASOUND
942 _2ddc
_cBK
999 _c31135
_d31135